000 00393pab a2200157 454500
008 180718b2008 xxu||||| |||| 00| 0 eng d
100 _aSrivastava, Vinay Kumar
245 _aConcept of tribe in the draft national tribe policy
260 _c2008
300 _ap.29-35.
362 _a13 Dec
650 _aTribes
773 _aEconomic and Political Weekly
908 _aN
909 _a80822
999 _c80822
_d80822